[Event "ABC 2024 Utrecht, Groep B"]
[Site "Utrecht"]
[Date "2024.03.10"]
[Round "5.8"]
[White "Rogozyanskiy, Alexander"]
[Black "Pathak, Raghav"]
[Result "0-1"]
[WhiteElo "1765"]
[BlackElo "1960"]

1. d4 {[%clk 00:55:19]} {[%emt 12:49:14]} d5 {[%clk 00:55:03]} {[%emt
00:00:17]} 2. c4 {[%clk 00:55:25]} {[%emt 00:00:04]} e6 {[%clk 00:55:11]}
{[%emt 00:00:02]} 3. Nf3 {[%clk 00:55:31]} {[%emt 00:00:03]} a6 {[%clk
00:55:18]} {[%emt 00:00:04]} 4. cxd5 {[%clk 00:54:46]} {[%emt 00:00:55]} exd5
{[%clk 00:55:21]} {[%emt 00:00:06]} 5. Nc3 {[%clk 00:54:36]} {[%emt 00:00:19]}
h6 {[%clk 00:55:00]} {[%emt 00:00:31]} 6. Bf4 {[%clk 00:53:54]} {[%emt
00:00:52]} Nf6 {[%clk 00:54:59]} {[%emt 00:00:11]} 7. e3 {[%clk 00:53:17]}
{[%emt 00:00:47]} Be7 {[%clk 00:54:44]} {[%emt 00:00:25]} 8. Rc1 {[%clk
00:53:08]} {[%emt 00:00:19]} c6 {[%clk 00:54:47]} {[%emt 00:00:07]} 9. Bd3
{[%clk 00:52:29]} {[%emt 00:00:49]} O-O {[%clk 00:53:57]} {[%emt 00:01:00]} 10.
O-O {[%clk 00:51:16]} {[%emt 00:01:24]} Bg4 {[%clk 00:53:32]} {[%emt 00:00:35]}
11. h3 {[%clk 00:50:34]} {[%emt 00:00:51]} Bh5 {[%clk 00:53:02]} {[%emt
00:00:40]} 12. g4 {[%clk 00:49:04]} {[%emt 00:01:41]} Bg6 {[%clk 00:52:56]}
{[%emt 00:00:16]} 13. Bxg6 {[%clk 00:48:59]} {[%emt 00:00:15]} fxg6 {[%clk
00:53:05]} {[%emt 00:00:01]} 14. Ne5 {[%clk 00:48:18]} {[%emt 00:00:50]} g5
{[%clk 00:53:08]} {[%emt 00:00:07]} 15. Bg3 {[%clk 00:47:36]} {[%emt 00:00:53]}
Bd6 {[%clk 00:53:05]} {[%emt 00:00:13]} 16. Ng6 {[%clk 00:41:18]} {[%emt
00:06:28]} Re8 {[%clk 00:52:53]} {[%emt 00:00:21]} 17. Bxd6 {[%clk 00:37:51]}
{[%emt 00:03:38]} Qxd6 {[%clk 00:52:55]} {[%emt 00:00:08]} 18. Ne5 {[%clk
00:35:05]} {[%emt 00:02:54]} Nbd7 {[%clk 00:50:50]} {[%emt 00:02:17]} 19. f4
{[%clk 00:32:14]} {[%emt 00:03:00]} gxf4 {[%clk 00:50:46]} {[%emt 00:00:15]} 20.
exf4 {[%clk 00:31:14]} {[%emt 00:01:10]} c5 {[%clk 00:49:02]} {[%emt 00:01:55]}
21. Re1 {[%clk 00:29:15]} {[%emt 00:02:08]} b5 {[%clk 00:47:17]} {[%emt
00:01:55]} 22. g5 {[%clk 00:24:18]} {[%emt 00:05:06]} hxg5 {[%clk 00:47:00]}
{[%emt 00:00:27]} 23. fxg5 {[%clk 00:23:49]} {[%emt 00:00:39]} cxd4 {[%clk
00:46:46]} {[%emt 00:00:24]} 24. gxf6 {[%clk 00:16:30]} {[%emt 00:07:29]} Rxe5
{[%clk 00:46:35]} {[%emt 00:00:21]} 25. f7+ {[%clk 00:13:07]} {[%emt 00:03:34]}
Kxf7 {[%clk 00:45:56]} {[%emt 00:00:49]} 26. Qf3+ {[%clk 00:11:27]} {[%emt
00:01:50]} Nf6 {[%clk 00:45:17]} {[%emt 00:00:48]} 27. Rxe5 {[%clk 00:07:36]}
{[%emt 00:04:02]} Qxe5 {[%clk 00:45:21]} {[%emt 00:00:06]} 28. Ne2 {[%clk
00:07:39]} {[%emt 00:00:07]} Re8 {[%clk 00:45:25]} {[%emt 00:00:05]} 29. Kf1
{[%clk 00:07:10]} {[%emt 00:00:39]} Qe3 {[%clk 00:44:54]} {[%emt 00:00:42]} 30.
Rc7+ {[%clk 00:06:46]} {[%emt 00:00:35]} Re7 {[%clk 00:44:45]} {[%emt
00:00:18]} 31. Qxe3 {[%clk 00:06:06]} {[%emt 00:00:49]} dxe3 {[%clk 00:44:48]}
{[%emt 00:00:08]} 32. Rxe7+ {[%clk 00:06:11]} {[%emt 00:00:04]} Kxe7 {[%clk
00:44:50]} {[%emt 00:00:08]} 33. Kg2 {[%clk 00:06:03]} {[%emt 00:00:18]} Ne4
{[%clk 00:43:53]} {[%emt 00:01:08]} 34. Kf3 {[%clk 00:05:23]} {[%emt 00:00:49]}
Ng5+ {[%clk 00:43:59]} {[%emt 00:00:04]} 35. Kg4 {[%clk 00:03:29]} {[%emt
00:02:05]} Ne6 {[%clk 00:44:04]} {[%emt 00:00:05]} 36. Kf3 {[%clk 00:02:33]}
{[%emt 00:01:06]} d4 {[%clk 00:44:10]} {[%emt 00:00:04]} 37. Ng3 {[%clk
00:02:28]} {[%emt 00:00:15]} Kf6 {[%clk 00:43:38]} {[%emt 00:00:42]} 38. Ke4
{[%clk 00:02:27]} {[%emt 00:00:10]} g5 {[%clk 00:43:35]} {[%emt 00:00:14]} 39.
Ne2 {[%clk 00:01:39]} {[%emt 00:00:58]} Nf4 {[%clk 00:43:35]} {[%emt 00:00:11]}
40. Nxd4 {[%clk 00:01:42]} {[%emt 00:00:07]} e2 {[%clk 00:43:40]} {[%emt
00:00:05]} 41. Nxe2 {[%clk 00:01:26]} {[%emt 00:00:25]} Nxe2 {[%clk 00:43:39]}
{[%emt 00:00:11]} 42. Kf3 {[%clk 00:01:32]} {[%emt 00:00:04]} Nd4+ {[%clk
00:43:20]} {[%emt 00:00:20]} 43. Kg4 {[%clk 00:01:38]} {[%emt 00:00:03]} Kg6
{[%clk 00:43:32]} {[%emt 00:00:08]} 44. h4 {[%clk 00:01:46]} {[%emt 00:00:02]}
gxh4 {[%clk 00:43:35]} {[%emt 00:00:06]} 45. Kxh4 {[%clk 00:01:55]} Kf5 {[%clk
00:43:38]} {[%emt 00:00:09]} 46. Kg3 {[%clk 00:02:04]} {[%emt 00:00:01]} Ke4
{[%clk 00:43:39]} {[%emt 00:00:09]} 47. Kf2 {[%clk 00:02:13]} Kd3 {[%clk
00:43:42]} {[%emt 00:00:07]} 48. Ke1 {[%clk 00:02:22]} Kc2 {[%clk 00:43:42]}
{[%emt 00:00:11]} 49. b3 {[%clk 00:02:21]} {[%emt 00:00:10]} Nxb3 {[%clk
00:43:48]} {[%emt 00:00:05]} 50. axb3 {[%clk 00:02:30]} {[%emt 00:00:01]} Kxb3
{[%clk 00:43:50]} {[%emt 00:00:08]} 51. Kd2 {[%clk 00:02:38]} {[%emt 00:00:02]}
a5 {[%clk 00:43:57]} {[%emt 00:00:03]} 52. Kc1 {[%clk 00:02:46]} {[%emt
00:00:02]} a4 {[%clk 00:43:55]} {[%emt 00:00:12]} 53. Kb1 {[%clk 00:02:55]}
{[%emt 00:00:02]} a3 {[%clk 00:43:59]} {[%emt 00:00:06]} 54. Ka1 {[%clk
00:03:04]} Ka4 {[%clk 00:43:58]} {[%emt 00:00:11]} 55. Ka2 {[%clk 00:03:11]}
{[%emt 00:00:02]} b4 {[%clk 00:44:04]} {[%emt 00:00:05]} 56. Kb1 {[%clk
00:03:19]} b3 {[%clk 00:44:10]} {[%emt 00:00:05]} 57. Ka1 {[%clk 00:03:28]} Kb4
{[%clk 00:44:13]} {[%emt 00:00:06]} 58. Kb1 {[%clk 00:03:37]} {[%emt 00:00:02]}
Kc3 {[%clk 00:44:17]} {[%emt 00:00:05]} 59. Ka1 {[%clk 00:03:46]} {[%emt
00:00:01]} b2+ {[%emt 00:00:07]} 60. Kb1 {[%emt 00:00:11]} a2+ {[%clk
00:44:05]} {[%emt 00:00:06]} 0-1

[Event "ABC 2024 Utrecht, Groep B"]
[Site "Utrecht"]
[Date "2024.03.10"]
[Round "5.9"]
[White "Tetova, Amir"]
[Black "Heus, Daan"]
[Result "0-1"]
[WhiteElo "1804"]
[BlackElo "1936"]

1. d4 {[%clk 00:55:14]} {[%emt 00:00:06]} d5 {[%clk 00:55:15]} {[%emt
00:00:05]} 2. Bf4 {[%clk 00:55:17]} {[%emt 00:00:07]} e6 {[%clk 00:55:09]}
{[%emt 00:00:16]} 3. e3 {[%clk 00:55:20]} {[%emt 00:00:06]} Nf6 {[%clk
00:55:09]} {[%emt 00:00:11]} 4. Nf3 {[%clk 00:55:24]} {[%emt 00:00:06]} c5
{[%clk 00:55:02]} {[%emt 00:00:16]} 5. c3 {[%clk 00:55:30]} {[%emt 00:00:05]}
Nc6 {[%clk 00:54:55]} {[%emt 00:00:17]} 6. Bd3 {[%clk 00:55:20]} {[%emt
00:00:19]} Bd6 {[%clk 00:54:34]} {[%emt 00:00:32]} 7. Bg3 {[%clk 00:54:06]}
{[%emt 00:01:23]} O-O {[%clk 00:54:05]} {[%emt 00:00:40]} 8. O-O {[%clk
00:53:55]} {[%emt 00:00:21]} Bxg3 {[%clk 00:51:57]} {[%emt 00:02:17]} 9. hxg3
{[%clk 00:53:41]} {[%emt 00:00:24]} cxd4 {[%clk 00:48:56]} {[%emt 00:03:12]} 10.
exd4 {[%clk 00:53:03]} {[%emt 00:00:48]} Re8 {[%clk 00:48:25]} {[%emt
00:00:41]} 11. Re1 {[%clk 00:51:15]} {[%emt 00:01:58]} Qb6 {[%clk 00:45:39]}
{[%emt 00:02:55]} 12. Na3 {[%clk 00:49:07]} {[%emt 00:02:19]} a6 {[%clk
00:43:35]} {[%emt 00:02:14]} 13. Qd2 {[%clk 00:45:55]} {[%emt 00:03:21]} Bd7
{[%clk 00:41:55]} {[%emt 00:01:50]} 14. Nc2 {[%clk 00:42:36]} {[%emt 00:03:30]}
Rac8 {[%clk 00:39:49]} {[%emt 00:02:17]} 15. b4 {[%clk 00:39:20]} {[%emt
00:03:26]} Qc7 {[%clk 00:36:33]} {[%emt 00:03:24]} 16. c4 {[%clk 00:33:04]}
{[%emt 00:06:27]} dxc4 {[%clk 00:35:46]} {[%emt 00:00:57]} 17. Bxc4 {[%clk
00:31:56]} {[%emt 00:01:18]} Nxd4 {[%clk 00:32:32]} {[%emt 00:03:24]} 18. Ncxd4
{[%clk 00:30:14]} {[%emt 00:01:52]} Qxc4 {[%clk 00:32:13]} {[%emt 00:00:29]} 19.
Rac1 {[%clk 00:28:14]} {[%emt 00:02:09]} Qd5 {[%clk 00:31:27]} {[%emt
00:00:57]} 20. Rxc8 {[%clk 00:24:59]} {[%emt 00:03:26]} Rxc8 {[%clk 00:30:54]}
{[%emt 00:00:42]} 21. Rd1 {[%clk 00:21:09]} {[%emt 00:04:00]} Ne4 {[%clk
00:28:12]} {[%emt 00:02:51]} 22. Qf4 {[%clk 00:15:38]} {[%emt 00:05:41]} f6
{[%clk 00:22:08]} {[%emt 00:06:14]} 23. Re1 {[%clk 00:13:22]} {[%emt 00:02:27]}
Nc3 {[%clk 00:19:17]} {[%emt 00:03:01]} 24. Qe3 {[%clk 00:11:50]} {[%emt
00:01:40]} e5 {[%clk 00:17:56]} {[%emt 00:01:33]} 25. Nb3 {[%clk 00:10:02]}
{[%emt 00:01:58]} Na4 {[%clk 00:11:49]} {[%emt 00:06:16]} 26. Qe2 {[%clk
00:07:29]} {[%emt 00:02:44]} Bb5 {[%clk 00:10:40]} {[%emt 00:01:17]} 27. Qe3
{[%clk 00:06:11]} {[%emt 00:01:29]} b6 {[%clk 00:09:28]} {[%emt 00:01:23]} 28.
Rc1 {[%clk 00:06:06]} {[%emt 00:00:14]} Rd8 {[%clk 00:08:08]} {[%emt 00:01:30]}
29. Nh4 {[%clk 00:05:00]} {[%emt 00:01:16]} Bc6 {[%clk 00:06:40]} {[%emt
00:01:38]} 30. Qe2 {[%clk 00:04:48]} {[%emt 00:00:23]} Bb7 {[%clk 00:05:37]}
{[%emt 00:01:12]} 31. Qc2 {[%clk 00:02:58]} {[%emt 00:02:00]} Rd7 {[%clk
00:04:37]} {[%emt 00:01:11]} 32. Na5 {[%clk 00:01:42]} {[%emt 00:01:26]} bxa5
{[%clk 00:04:29]} {[%emt 00:00:18]} 33. Qxa4 {[%clk 00:01:51]} {[%emt
00:00:01]} g5 {[%clk 00:04:07]} {[%emt 00:00:32]} 34. Nf3 {[%clk 00:01:47]}
{[%emt 00:00:14]} e4 {[%clk 00:03:52]} {[%emt 00:00:26]} 35. Nh2 {[%clk
00:01:31]} {[%emt 00:00:25]} e3 {[%clk 00:03:52]} {[%emt 00:00:09]} 36. f3
{[%clk 00:01:23]} {[%emt 00:00:19]} Qd2 {[%clk 00:03:31]} {[%emt 00:00:31]} 37.
Qb3+ {[%clk 00:01:10]} {[%emt 00:00:23]} Kg7 {[%clk 00:02:46]} {[%emt
00:00:55]} 38. Qc2 {[%clk 00:00:22]} {[%emt 00:00:58]} Bd5 {[%clk 00:01:08]}
{[%emt 00:01:48]} 39. Nf1 {[%clk 00:00:14]} {[%emt 00:00:18]} Qd4 {[%clk
00:00:46]} {[%emt 00:00:32]} 40. Kh1 {[%clk 00:00:11]} {[%emt 00:00:12]} axb4
{[%clk 00:00:28]} {[%emt 00:00:29]} 41. Rd1 {[%clk 00:00:18]} {[%emt 00:00:03]}
Qe5 {[%clk 00:00:17]} {[%emt 00:00:21]} 42. Qe2 {[%clk 00:00:25]} {[%emt
00:00:03]} Re7 {[%clk 00:00:12]} {[%emt 00:00:15]} 0-1

[Event "ABC 2024 Utrecht, Groep B"]
[Site "Utrecht"]
[Date "2024.03.10"]
[Round "5.10"]
[White "Teianu, Maxim"]
[Black "Hylarides, Charlie Ronald"]
[Result "1-0"]
[WhiteElo "1818"]
[BlackElo "1783"]

1. d4 {[%clk 00:55:18]} {[%emt 00:00:02]} Nf6 {[%clk 00:55:16]} {[%emt
00:00:05]} 2. c4 {[%clk 00:55:24]} {[%emt 00:00:04]} g6 {[%clk 00:55:19]}
{[%emt 00:00:07]} 3. Nc3 {[%clk 00:55:30]} {[%emt 00:00:07]} Bg7 {[%clk
00:55:24]} {[%emt 00:00:01]} 4. e4 {[%clk 00:55:37]} {[%emt 00:00:04]} d6
{[%clk 00:55:30]} {[%emt 00:00:04]} 5. Nf3 {[%clk 00:55:44]} {[%emt 00:00:03]}
O-O {[%clk 00:55:34]} {[%emt 00:00:06]} 6. Be2 {[%clk 00:55:51]} {[%emt
00:00:02]} e5 {[%clk 00:55:39]} {[%emt 00:00:05]} 7. Be3 {[%clk 00:55:58]}
{[%emt 00:00:04]} Nh5 {[%clk 00:50:38]} {[%emt 00:05:11]} 8. Qd2 {[%clk
00:55:04]} {[%emt 00:01:03]} f5 {[%clk 00:48:10]} {[%emt 00:02:38]} 9. exf5
{[%clk 00:54:07]} {[%emt 00:01:07]} Bxf5 {[%clk 00:46:23]} {[%emt 00:01:58]} 10.
dxe5 {[%clk 00:53:51]} {[%emt 00:00:26]} dxe5 {[%clk 00:46:08]} {[%emt
00:00:25]} 11. Qd5+ {[%clk 00:52:42]} {[%emt 00:01:18]} Qxd5 {[%clk 00:42:22]}
{[%emt 00:03:56]} 12. Nxd5 {[%clk 00:52:46]} {[%emt 00:00:06]} Rf7 {[%clk
00:40:42]} {[%emt 00:01:51]} 13. Ng5 {[%clk 00:52:30]} {[%emt 00:00:26]} Rd7
{[%clk 00:40:29]} {[%emt 00:00:23]} 14. g4 {[%clk 00:52:11]} {[%emt 00:00:29]}
c6 {[%clk 00:32:38]} {[%emt 00:08:01]} 15. Nc3 {[%clk 00:52:08]} {[%emt
00:00:13]} Nf4 {[%clk 00:29:58]} {[%emt 00:02:50]} 16. Bxf4 {[%clk 00:51:46]}
{[%emt 00:00:32]} exf4 {[%clk 00:30:02]} {[%emt 00:00:06]} 17. gxf5 {[%clk
00:51:51]} {[%emt 00:00:05]} gxf5 {[%clk 00:28:43]} {[%emt 00:01:28]} 18. Rd1
{[%clk 00:51:21]} {[%emt 00:00:40]} h6 {[%clk 00:27:16]} {[%emt 00:01:38]} 19.
Nf3 {[%clk 00:49:55]} {[%emt 00:01:35]} Rxd1+ {[%clk 00:26:31]} {[%emt
00:00:56]} 20. Kxd1 {[%clk 00:49:19]} {[%emt 00:00:46]} Bf6 {[%clk 00:24:43]}
{[%emt 00:01:57]} 21. Kc2 {[%clk 00:49:17]} {[%emt 00:00:12]} Na6 {[%clk
00:24:28]} {[%emt 00:00:25]} 22. a3 {[%clk 00:49:06]} {[%emt 00:00:22]} Nc5
{[%clk 00:24:06]} {[%emt 00:00:32]} 23. Bd3 {[%clk 00:48:38]} {[%emt 00:00:37]}
Nxd3 {[%clk 00:24:03]} {[%emt 00:00:13]} 24. Kxd3 {[%clk 00:48:42]} {[%emt
00:00:06]} Rd8+ {[%clk 00:23:59]} {[%emt 00:00:13]} 25. Kc2 {[%clk 00:48:47]}
{[%emt 00:00:06]} b6 {[%clk 00:22:54]} {[%emt 00:01:16]} 26. Re1 {[%clk
00:48:41]} {[%emt 00:00:16]} Rd6 {[%clk 00:20:54]} {[%emt 00:02:09]} 27. Ne2
{[%clk 00:48:04]} {[%emt 00:00:47]} Re6 {[%clk 00:17:05]} {[%emt 00:04:00]} 28.
Nxf4 {[%clk 00:48:03]} {[%emt 00:00:10]} Rxe1 {[%clk 00:15:19]} {[%emt
00:01:56]} 29. Nxe1 {[%clk 00:48:07]} {[%emt 00:00:06]} Kf7 {[%clk 00:13:17]}
{[%emt 00:02:12]} 30. b3 {[%clk 00:47:26]} {[%emt 00:00:51]} Be7 {[%clk
00:12:24]} {[%emt 00:01:03]} 31. a4 {[%clk 00:47:07]} {[%emt 00:00:29]} Kf6
{[%clk 00:08:57]} {[%emt 00:03:37]} 32. Kd3 {[%clk 00:46:42]} {[%emt 00:00:35]}
Bc5 {[%clk 00:07:54]} {[%emt 00:01:13]} 33. f3 {[%clk 00:45:42]} {[%emt
00:01:11]} Bf2 {[%clk 00:05:42]} {[%emt 00:02:22]} 34. Neg2 {[%clk 00:45:33]}
{[%emt 00:00:18]} Bg1 {[%clk 00:05:07]} {[%emt 00:00:45]} 35. h3 {[%clk
00:45:34]} {[%emt 00:00:09]} Ke5 {[%clk 00:03:11]} {[%emt 00:02:06]} 36. Ne2
{[%clk 00:45:34]} {[%emt 00:00:10]} Bc5 {[%clk 00:02:57]} {[%emt 00:00:24]} 37.
Ne3 {[%clk 00:44:18]} {[%emt 00:01:26]} a5 {[%clk 00:01:57]} {[%emt 00:01:11]}
38. Nc2 {[%clk 00:43:48]} {[%emt 00:00:40]} Bd6 {[%clk 00:01:16]} {[%emt
00:00:50]} 39. Ncd4 {[%clk 00:43:21]} {[%emt 00:00:36]} c5 {[%clk 00:00:46]}
{[%emt 00:00:42]} 40. Nb5 {[%clk 00:42:51]} {[%emt 00:00:39]} Be7 {[%clk
00:00:53]} {[%emt 00:00:03]} 41. f4+ {[%clk 00:42:39]} {[%emt 00:00:22]} Ke6
{[%clk 00:00:56]} {[%emt 00:00:08]} 42. Nbc3 {[%clk 00:42:27]} {[%emt
00:00:21]} Bd8 {[%clk 00:00:49]} {[%emt 00:00:18]} 43. Nd5 {[%clk 00:42:29]}
{[%emt 00:00:08]} Kf7 {[%clk 00:00:51]} {[%emt 00:00:08]} 44. Ke3 {[%clk
00:42:29]} {[%emt 00:00:10]} Kg6 {[%clk 00:00:55]} {[%emt 00:00:06]} 45. Kf3
{[%clk 00:42:31]} {[%emt 00:00:08]} Kf7 {[%clk 00:00:54]} {[%emt 00:00:11]} 46.
Nec3 {[%clk 00:42:23]} {[%emt 00:00:18]} Kg6 {[%clk 00:00:49]} {[%emt
00:00:15]} 47. Nb5 {[%clk 00:42:24]} {[%emt 00:00:08]} Kf7 {[%clk 00:00:51]}
{[%emt 00:00:09]} 48. Nd6+ {[%clk 00:42:20]} {[%emt 00:00:14]} Ke6 {[%clk
00:00:35]} {[%emt 00:00:26]} 49. Nb7 {[%clk 00:42:00]} {[%emt 00:00:30]} Bh4
{[%clk 00:00:40]} {[%emt 00:00:05]} 50. Nxb6 {[%clk 00:41:51]} {[%emt
00:00:19]} 1-0

[Event "ABC 2024 Utrecht, Groep B"]
[Site "Utrecht"]
[Date "2024.03.10"]
[Round "5.11"]
[White "Ramdien, Steven"]
[Black "Ten Kate, Gustav"]
[Result "1-0"]
[WhiteElo "1794"]
[BlackElo "1807"]

1. e4 {[%clk 00:55:18]} {[%emt 00:00:01]} Nf6 {[%clk 00:54:49]} {[%emt
00:00:31]} 2. Nc3 {[%clk 00:55:05]} {[%emt 00:00:24]} d5 {[%clk 00:54:50]}
{[%emt 00:00:09]} 3. exd5 {[%clk 00:54:48]} {[%emt 00:00:27]} Nxd5 {[%clk
00:54:50]} {[%emt 00:00:09]} 4. Nxd5 {[%clk 00:54:55]} {[%emt 00:00:04]} Qxd5
{[%clk 00:54:51]} {[%emt 00:00:08]} 5. Nf3 {[%clk 00:54:55]} {[%emt 00:00:10]}
Bg4 {[%clk 00:54:29]} {[%emt 00:00:32]} 6. Be2 {[%clk 00:54:42]} {[%emt
00:00:23]} Nc6 {[%clk 00:54:23]} {[%emt 00:00:16]} 7. d4 {[%clk 00:53:18]}
{[%emt 00:01:34]} e5 {[%clk 00:48:58]} {[%emt 00:05:36]} 8. dxe5 {[%clk
00:45:12]} {[%emt 00:08:16]} Bxf3 {[%clk 00:47:58]} {[%emt 00:01:10]} 9. Bxf3
{[%clk 00:45:14]} {[%emt 00:00:08]} Qxe5+ {[%clk 00:47:20]} {[%emt 00:00:46]}
10. Qe2 {[%clk 00:44:48]} {[%emt 00:00:36]} Qxe2+ {[%clk 00:44:03]} {[%emt
00:03:29]} 11. Bxe2 {[%clk 00:44:22]} {[%emt 00:00:36]} Bd6 {[%clk 00:43:03]}
{[%emt 00:01:09]} 12. c3 {[%clk 00:41:46]} {[%emt 00:02:46]} O-O-O {[%clk
00:41:00]} {[%emt 00:02:12]} 13. Be3 {[%clk 00:38:34]} {[%emt 00:03:22]} Rhe8
{[%clk 00:39:00]} {[%emt 00:02:12]} 14. O-O-O {[%clk 00:36:02]} {[%emt
00:02:41]} f5 {[%clk 00:29:06]} {[%emt 00:10:04]} 15. Bb5 {[%clk 00:33:49]}
{[%emt 00:02:23]} a6 {[%clk 00:21:25]} {[%emt 00:07:52]} 16. Bxc6 {[%clk
00:27:42]} {[%emt 00:06:17]} bxc6 {[%clk 00:21:27]} {[%emt 00:00:08]} 17. g3
{[%clk 00:24:56]} {[%emt 00:02:55]} Re6 {[%clk 00:19:20]} {[%emt 00:02:17]} 18.
Rhe1 {[%clk 00:21:55]} {[%emt 00:03:11]} Rde8 {[%clk 00:19:08]} {[%emt
00:00:24]} 19. Bd2 {[%clk 00:21:29]} {[%emt 00:00:36]} Rxe1 {[%clk 00:12:45]}
{[%emt 00:06:32]} 20. Rxe1 {[%clk 00:21:05]} {[%emt 00:00:34]} Rxe1+ {[%clk
00:12:47]} {[%emt 00:00:07]} 21. Bxe1 {[%clk 00:21:10]} {[%emt 00:00:06]} Kd7
{[%clk 00:12:07]} {[%emt 00:00:48]} 22. Kd2 {[%clk 00:21:05]} {[%emt 00:00:17]}
Ke6 {[%clk 00:11:53]} {[%emt 00:00:24]} 23. Kd3 {[%clk 00:20:49]} {[%emt
00:00:26]} g5 {[%clk 00:09:32]} {[%emt 00:02:30]} 24. Bd2 {[%clk 00:19:36]}
{[%emt 00:01:24]} g4 {[%clk 00:09:21]} {[%emt 00:00:21]} 25. Kd4 {[%clk
00:16:40]} {[%emt 00:03:04]} h5 {[%clk 00:09:13]} {[%emt 00:00:20]} 26. b4
{[%clk 00:13:37]} {[%emt 00:03:13]} h4 {[%clk 00:06:34]} {[%emt 00:02:48]} 27.
a4 {[%clk 00:11:58]} {[%emt 00:01:50]} Kd7 {[%clk 00:05:11]} {[%emt 00:01:32]}
28. Bg5 {[%clk 00:11:29]} {[%emt 00:00:39]} hxg3 {[%clk 00:04:44]} {[%emt
00:00:37]} 29. hxg3 {[%clk 00:11:30]} {[%emt 00:00:09]} Ke6 {[%clk 00:04:45]}
{[%emt 00:00:09]} 30. Bd2 {[%clk 00:10:27]} {[%emt 00:01:11]} Be7 {[%clk
00:03:57]} {[%emt 00:01:01]} 31. c4 {[%clk 00:08:53]} {[%emt 00:01:45]} Bf6+
{[%clk 00:03:17]} {[%emt 00:00:49]} 32. Kc5 {[%clk 00:08:17]} {[%emt 00:00:42]}
Kd7 {[%clk 00:03:26]} 33. b5 {[%clk 00:06:16]} {[%emt 00:02:16]} cxb5 {[%clk
00:02:33]} {[%emt 00:01:04]} 34. cxb5 {[%clk 00:06:12]} {[%emt 00:00:13]} Be7+
{[%clk 00:01:56]} {[%emt 00:00:47]} 35. Kc4 {[%clk 00:06:11]} {[%emt 00:00:11]}
axb5+ {[%clk 00:01:25]} {[%emt 00:00:41]} 36. Kxb5 {[%clk 00:06:09]} {[%emt
00:00:12]} Kc8 {[%clk 00:01:07]} {[%emt 00:00:28]} 37. Kc6 {[%clk 00:06:08]}
{[%emt 00:00:10]} Bf6 {[%clk 00:01:07]} {[%emt 00:00:11]} 38. a5 {[%clk
00:05:46]} {[%emt 00:00:32]} Bd4 {[%clk 00:01:07]} {[%emt 00:00:09]} 39. Be3
{[%clk 00:05:51]} {[%emt 00:00:06]} Bxe3 {[%clk 00:00:58]} {[%emt 00:00:19]} 40.
fxe3 {[%clk 00:05:55]} {[%emt 00:00:06]} Kb8 {[%clk 00:00:17]} {[%emt
00:00:51]} 41. a6 {[%clk 00:05:56]} {[%emt 00:00:09]} Ka7 {[%clk 00:00:22]}
{[%emt 00:00:05]} 42. Kxc7 {[%clk 00:06:00]} {[%emt 00:00:06]} Kxa6 {[%clk
00:00:30]} {[%emt 00:00:01]} 43. Kc6 {[%clk 00:05:57]} {[%emt 00:00:13]} Ka5
{[%clk 00:00:29]} {[%emt 00:00:12]} 44. Kd5 {[%clk 00:06:02]} {[%emt 00:00:05]}
Kb5 {[%clk 00:00:30]} {[%emt 00:00:09]} 45. Ke5 {[%clk 00:06:04]} {[%emt
00:00:09]} Kc4 {[%clk 00:00:23]} {[%emt 00:00:16]} 46. Kxf5 {[%clk 00:06:06]}
{[%emt 00:00:08]} 1-0